Podział administracyjny Czech - Statystyki

Ogólne statystyki
  • Ten quiz został rozwiązany 76 razy
    46 od ostatniego zresetowania
  • Średni wynik to 4 z 14
Statystyki odpowiedzi
Obrazkowy Odpowiedź % Poprawnych
Praga
88%
Ołomuniec
36%
Środkowoczeski
36%
Karlowarski
32%
Morawsko-śląski
32%
Pilzneński
32%
Liberecki
28%
Pardubicki
28%
Zliński
28%
Południowoczeski
24%
Południowomorawski
20%
Ustecki
20%
Wysoczyna
20%
Hradecki
16%
Nie znaleziono quizów pasujących do podanych kryteriów
Rozkład punktacji
Procent ludzi z każdym wynikiem
Percentyl według liczby udzielonych odpowiedzi
Twoja historia wyników
Nie rozwiązałeś tego quizu od ostatniego zresetowania